Panama: the difficult transition toward democracy /

Guardat en:
Dades bibliogràfiques
Autor principal: Furlong, William L.
Format: Text
Matèries:
Etiquetes: Afegir etiqueta
Sense etiquetes, Sigues el primer a etiquetar aquest registre!

MARC

LEADER 00000 a a2200000 04500
001 8938
003
040
100 |a Furlong, William L.  
245 |a Panama:   |b the difficult transition toward democracy /  |c William L. Furlong 
650 |a DEMOCRACIA  
650 |a POLITICA  
650 |a SISTEMAS POLITICOS  
650 |a FUERZAS ARMADAS  
650 |a SOBERANIA  
650 |a CONSTITUCIONES  
650 |a ELECCIONES  
650 |a ANALISIS HISTORICO  
650 |a LEGITIMIDAD  
650 |a CORRUPCION  
650 |a ECONOMIA  
773 |g volumen 35, número 3; páginas 19-64  
999 |c 25802  |d 25802